Growth and development : A physical output and employment strategy

保存先:
書誌詳細
第一著者: Park, S. S.
フォーマット: 図書
言語:Undetermined
出版事項: London Martin Robertson 1977
主題:
タグ: タグ追加
タグなし, このレコードへの初めてのタグを付けませんか!
Thư viện lưu trữ: Trung tâm Học liệu Trường Đại học Cần Thơ
LEADER 00525nam a2200193Ia 4500
001 CTU_81800
008 210402s9999 xx 000 0 und d
082 |a 338.9 
082 |b P235 
100 |a Park, S. S. 
245 0 |a Growth and development : 
245 2 |b A physical output and employment strategy 
245 0 |c S. S. Park 
260 |a London 
260 |b Martin Robertson 
260 |c 1977 
650 |a Economic development 
904 |i Trọng Hải 
980 |a Trung tâm Học liệu Trường Đại học Cần Thơ